00982cam a2200241 a 450000100100000000500170001000800410002704000260006808200210009410000520011524501250016726000460029230000280033849000170036650400320038365100360041560000450045165100460049683000250054291000340056795201240060199900150072500000695220200929154029.0970313s1996 pr a b 001 0dspa d aDO-SdBNPcPrRUdBNPHU a320.97295bM971s1 aGarcía-Passalacqua, Juan Manueld1937-91930814aLos secretos del patriarca :bguerra civil en la conciencia de Luis Muñoz Marín /cJuan Manuel García Passalacqua. aSan Juan, Puerto Rico :bCultural,c1996. a174 p. :bil. ;c21 cm.1 aAmbos mundos aBibliografía (p. 167-174) 4aPuerto RicoxPolíticos91930914aMUÑOZ MARÍN, LUISd1898-1980.912435 4aPuerto RicoxPolítica Y Gobierno912599 0aAmbos mundos.919310 aCatalogación por copia / LC 001052708MOaGRbGRcCTd2009-09-03iLF1l0o320.97295 M971sp6952-10r2020-06-25w2020-06-25y2ZPréstamo interno c6736d6736